000 00607nam a2200181 a 4500
001 000039653
005 20201002033648.0
008 130715s1993 sp 000 0 spa d
020 _a8437503752
040 _aDO-SdBNP
_bspa
_cBNPHU
082 _axxx
245 0 0 _aRuptura de la conciencia hispanoamericana :
_b(Época colonial) /
_ceditor José Anadón.
260 _aMéxico :
_bFondo de cultura economica,
_c1993.
300 _a214 p. ;
_c21 cm.
490 1 _aSección de lengua y estudios literarios
700 1 _aAnadón, José,
_eed.
_965842
830 0 _aSección de lengua y estudios literarios
_965843
999 _c39143
_d39143